Dolor pelvico cronico / (Registro nro. 21668)

Detalles MARC
000 -LEADER
fixed length control field 01294nam a2200289 4500
001 - CONTROL NUMBER
control field 0000014069
003 - CONTROL NUMBER IDENTIFIER
control field CO-CtgCURN
005 - DATE AND TIME OF LATEST TRANSACTION
control field 20250331185148.0
007 - PHYSICAL DESCRIPTION FIXED FIELD--GENERAL INFORMATION
fixed length control field ta
008 - FIXED-LENGTH DATA ELEMENTS--GENERAL INFORMATION
fixed length control field 160627s2000 000 0 eng d
020 ## - INTERNATIONAL STANDARD BOOK NUMBER
International Standard Book Number 9701022831
040 ## - CATALOGING SOURCE
Original cataloging agency CO-CtgCURN
Language of cataloging spa
Transcribing agency coctgcurn
082 0# - DEWEY DECIMAL CLASSIFICATION NUMBER
Classification number 611.96
Item number S733d
100 1# - MAIN ENTRY--PERSONAL NAME
Personal name Steege, John F.
245 10 - TITLE STATEMENT
Title Dolor pelvico cronico /
Statement of responsibility, etc. John F. Steege, Deborah A. Metzger, Barbara S. Levy , traductor José Rafael Blengio Pinto.
260 ## - PUBLICATION, DISTRIBUTION, ETC.
Place of publication, distribution, etc. Mexico :
Name of publisher, distributor, etc. McGraw-Hill,
Date of publication, distribution, etc. 2000.
300 ## - PHYSICAL DESCRIPTION
Extent xvi, 372 p.
336 ## - CONTENT TYPE
Source rdacontent
337 ## - MEDIA TYPE
Source rdamedia
Media type term sin mediacion
Media type code n
338 ## - CARRIER TYPE
Source rdacarrier
Carrier type term volumen
Carrier type code nc
500 ## - GENERAL NOTE
General note Incluye bibliografia e indice\Titulo original. Chronic pelvicpain: an integrated approach.
505 8# - FORMATTED CONTENTS NOTE
Formatted contents note Contenido: Magnitud del problema.--Aspectos basicos del metodo integral : superacion de la dicotomia psique/soma.--Abuso sexual y fisico y dolor pelvico cronico.--Neuroanatomía basica de la pelvis.--Exploracion fisica.--Disfuncion sexual.--Estudios diagnosticos.--Dolor despues de histerectomia.--Congestion pelvica.--Vulvodinia
650 14 - SUBJECT ADDED ENTRY--TOPICAL TERM
Topical term or geographic name entry element Dolor pelvico en adolescentes.
908 ## - PUT COMMAND PARAMETER (RLIN)
Put command parameter 160627
942 ## - ADDED ENTRY ELEMENTS (KOHA)
Koha item type Libros
Classification part 611.96
Item part S733d
Source of classification or shelving scheme Dewey Decimal Classification
Existencias
Withdrawn status Lost status Source of classification or shelving scheme Damaged status Not for loan Collection Home library Current library Shelving location Date acquired Inventory number Total checkouts Full call number Barcode Date last seen Price effective from Koha item type Public note
    Dewey Decimal Classification     General Miguel Henríquez Emiliani Miguel Henríquez Emiliani General 03/31/2025 008275   611.96 S733d 008275 03/31/2025 03/31/2025 Libros 610-CIENME